LEADER 01336nam a2200325 i 4500 001 991002546419707536 008 040503s2002 nju b 100 0 eng d 020 $a981238068X 035 $ab1293897x-39ule_inst 040 $aDip.to Matematica$beng 082 0 $a512.55 084 $aAMS 58-06 084 $aLC QA387.I655 245 00$aInfinite dimensional Lie groups in geometry and representation theory :$bWashington, D.C. USA 17-21 August 2000 /$ceditors, Augustia Banyaga, Joshua A. Leslie, Theirry Robart 260 $aRiver Edge, N. J. :$bWorld Scientific,$cc2002 300 $aix, 163 p. ;$c24 cm 504 $aIncludes bibliographical references 650 0$aLie groups$vCongresses 650 0$aInfinite groups$vCongresses 650 0$aInfinite dimensional Lie algebras$vCongresses 650 0$aInfinite-dimensional manifolds$vCongresses 700 1 $aBanyaga, Augustin 700 1 $aLeslie, Joshua Allensworth 700 1 $aRobart, Thierry P. 907 $a.b1293897x$b21-09-06$c03-05-04 912 $a991002546419707536 945 $aLE013 58-XX BAN11 (2002)$g1$i2013000145891$lle013$op$pE90.83$q-$rl$s- $t0$u1$v0$w1$x0$y.i13538536$z15-06-04 996 $aInfinite dimensional Lie groups in geometry and representation theory$9282083 997 $aUNISALENTO 998 $ale013$b03-05-04$cm$da $e-$feng$gnju$h0$i1 LEADER 01100nas# 22002411i 450 001 UON00012773 005 20231205101940.814 011 $a0005-6138 100 $a20020107a1991 |0itac50 ba 101 $aind 102 $aID 105 $a|||| 1|||| 110 $aaM||||||||| 200 1 $aBasis: Majalah Kebudayaan Umum - Giacarta$ePenerbit Yayasan v. ; 23 cm Mensile 210 $aDescrizione basata su: vol. 40(1991) n. 2 620 $aID$dJakarta$3UONL000164 686 $aID$cINDONESIA - PERIODICI$2A 801 $aIT$bSOL$c20240220$gRICA 899 $aSIBA - SISTEMA BIBLIOTECARIO DI ATENEO$2UONSI$440(1991) *1>11* 41(1992) *C*$cPer 1950 ¦GEOGRAFIA 6°PIANO ; 912 $aUON00012773 950 $aSIBA - SISTEMA BIBLIOTECARIO DI ATENEO$bSI 40(1991) *1>11* 41(1992) *C*$dSI A Per 1950 1991 $eSI SA 69872 7 1991 $dSI A Per 1950 1992 $eSI SA 73804 7 1992 996 $aBasis: Majalah Kebudayaan Umum - Giacarta$91321836 997 $aUNIOR